<?xml version="1.0" encoding="UTF-8"?>
<record
    xmlns:xsi="http://www.w3.org/2001/XMLSchema-instance"
    xsi:schemaLocation="http://www.loc.gov/MARC21/slim http://www.loc.gov/standards/marcxml/schema/MARC21slim.xsd"
    xmlns="http://www.loc.gov/MARC21/slim">

  <leader>00830nam a2200169 i 4500</leader>
  <controlfield tag="001">114741</controlfield>
  <controlfield tag="003">ES-MaACL</controlfield>
  <controlfield tag="007">t|</controlfield>
  <controlfield tag="008">070322m19281932sp           ||||1| spa d</controlfield>
  <datafield tag="245" ind1="0" ind2="0">
    <subfield code="a">Resumen de t&#xE9;cnica operatoria.</subfield>
  </datafield>
  <datafield tag="260" ind1=" " ind2=" ">
    <subfield code="a">Barcelona : </subfield>
    <subfield code="b">Sintes, </subfield>
    <subfield code="c">1928-1932.</subfield>
  </datafield>
  <datafield tag="300" ind1=" " ind2=" ">
    <subfield code="a">v. &lt;1,3,5-7&gt; : </subfield>
    <subfield code="b">il. ; </subfield>
    <subfield code="c">20 cm.</subfield>
  </datafield>
  <datafield tag="505" ind1="8" ind2=" ">
    <subfield code="a">Contiene: V. 1. Cirug&#xED;a de la cabeza y del cuello / por Ch. Lenormant y Pierre Brocq -- v. 3. Cirug&#xED;a del abdomen / por M. Guib&#xE9; y J. Qu&#xE9;nu -- v. 5. Cirug&#xED;a del aparato urinario y del aparato genital del hombre / por Pierre Duval y J. Gatellier -- v. 6. Aparato genital de la mujer / por R. Proust -- v. 7. Pr&#xE1;ctica corriente y cirug&#xED;a de urgencia / por V. Veau y F. D'Allaines.</subfield>
  </datafield>
  <datafield tag="650" ind1="1" ind2="7">
    <subfield code="a">Cirug&#xED;a</subfield>
    <subfield code="2">embne</subfield>
    <subfield code="9">11050</subfield>
  </datafield>
  <datafield tag="852" ind1=" " ind2=" ">
    <subfield code="a">ES-MaACL</subfield>
    <subfield code="j">C-8216-20</subfield>
  </datafield>
  <datafield tag="999" ind1=" " ind2=" ">
    <subfield code="c">114741</subfield>
    <subfield code="d">114741</subfield>
  </datafield>
  <datafield tag="952" ind1=" " ind2=" ">
    <subfield code="0">0</subfield>
    <subfield code="1">0</subfield>
    <subfield code="4">0</subfield>
    <subfield code="7">0</subfield>
    <subfield code="a">ATENEOM</subfield>
    <subfield code="b">ATENEOM</subfield>
    <subfield code="c">SPAL</subfield>
    <subfield code="d">2008-01-17</subfield>
    <subfield code="e">SC</subfield>
    <subfield code="l">0</subfield>
    <subfield code="o">C-8216-20</subfield>
    <subfield code="p">1119654</subfield>
    <subfield code="r">2023-02-23 00:00:00</subfield>
    <subfield code="w">2023-02-23</subfield>
    <subfield code="y">MONOGRAFIA</subfield>
  </datafield>
</record>
